Biblioteka Instytutu Północnego w Olsztynie

Widok standardowy Widok MARC

Pozycja Personal Name

Liczba rekordów, w których użyto hasła: 2

001 - Numer kontrolny

  • control field: 40369

003 - Identyfikator numeru kontrolnego

  • control field: NUKAT

005 - Data i czas ostatniej modyfikacji

  • control field: 20260421131817.0

008 - Dane kontrolne kodowane (40 znaków)

  • fixed length control field: 111109n||a|znnaabn |a aaa |c

010 ## - Numer kontrolny Biblioteki Kongresu

  • numer kontrolny LC: n 2011047088

024 7# - OTHER STANDARD IDENTIFIER

  • Standard number or code: 250517886
  • Source of number or code: viaf

024 7# - OTHER STANDARD IDENTIFIER

  • Standard number or code: 0000000371058907
  • Source of number or code: isni

040 ## - Instytucja sporządzająca rekord

  • inst. przygot. dane do rek. khw: POZN U/JJ
  • język haseł przedmiotowych/tezaurus: kaba
  • inst. wprow. rek. khw: POZN U/JJ

100 1# - Hasło - nazwa osobowa

  • nazwa osobowa w formie ujednoliconej: Raińska, Kinga.

670 ## - Źródło informacji

  • źródło informacji: "Rady i przestrogi dla panien" : polska literatura poradnikowa okresu niewoli narodowej [Dokument elektroniczny] / Kinga Raińska. - Poznan, 2011.
  • gdzie znaleziono informację: (Uniwersytet im. A. Mickiewicza w Poznaniu. Wydział Studiów Edukacyjnych. Zakład Historii Wychowania)

675 ## - Źródło nie podające informacji

  • wskazanie źródła: UAM'2008/2009
  • wskazanie źródła: OPI online, 09.11.11
Biblioteka Instytutu Północnego, ul. Partyzantów 87, 10-402 Olsztyn, email: biblioteka(at)ip.olsztyn.pl